=LDR 00000nam 2200000 4500 =001 INLIS000000000015393 =005 20130612110655 =008 ***********************************Ind** =035 ##$$0010-061300000015393 =041 ##$$a Ind =082 ##$$a 651.5 =090 ##$$a 651.5, Mar-p =100 ##$$a Martono,Budi =245 ##$$a Penyusunan dan Pengamanan Arsip Vital dan Manajemen Kearsipan, Budi Hartono =260 ##$$a 1994 $b Jakarta =300 ##$$a 141 hlm, Ilus, 21 cm =650 ##$$a Administrasi Kearsipan =850 ##$$a NBPNMAT